| 000 | 00772nam a2200229Ia 4500 | ||
|---|---|---|---|
| 005 | 20250108125025.0 | ||
| 008 | 008 250107s9999 xx 000 0 hin d | ||
| 020 | _a978-93-5891-109-1 | ||
| 037 | _aTB | ||
| 040 |
_aCRL _bhin _cCRL |
||
| 041 |
_ahin _2hin |
||
| 084 | _aNR 152R4 | ||
| 084 | _qCRL | ||
| 100 |
_aव, उषा, ले. _9730286 |
||
| 245 | 0 |
_aडॉ. उषा देव: पत्र एवं आलेख _cव, उषा, ले. |
|
| 260 |
_aदिल्ली, भारत _bअर्चना प्रिंटर्स _c3056 |
||
| 300 | _a60पृ0 | ||
| 365 |
_aINR _b470 |
||
| 650 |
_aहिन्दी पत्रहिन्दी साहित्य _9730287 |
||
| 942 |
_cTB _hNR 152R4 |
||
| 999 |
_c1235444 _d1235444 |
||